00751nam a2200181 i 450000100060000000300090000600500170001500700030003200800410003510000320007624502040010826000820031230000410039460000470043571000330048285200320051585200220054727067ES-MaACL20230906153544.0t|030113s1967 sp ||||1| spa d1 aArrillaga Arriola, Antonio.10aLo que se ha dicho de Iparraguirre b= Iparraguirre'ren-gan esan diranak : D. José María de Iparraguirre y Valerdi, inmortal poeta, músico y bardo /c[recopilado por] Antonio Arrillaga Arriola. aBilbao : bJunta de Cultura de Vizcaya, c1967 (fSanta Casa de Misericordia) a672 p., [12] h. de lám. ; c24 cm.14aIparraguirre, José María (d1820-1881)2 aJunta de Cultura de Vizcaya. aES-MaACLjC-56569 bR.89247 aES-MaACLjC-46659